000 00630nam a2200193Ia 4500
003 GCL
005 20240530104442.0
008 140319s9999 xx 000 0 ara d
040 _aGCL /
_cGCL
082 0 4 _a410
_bا ط
100 1 _aابراهيم محمد عطا
245 1 0 _aطرق تدريس اللغة العربية والتربية الدينية /
_cابراهيم محمد عطا
260 _a[S.N] :
_bمكتبة النهضة المصرية ،
_c1990
300 _a237 ص
650 0 4 _aطرق التدريس
650 0 4 _aاللغة العربية
650 0 4 _aالتربية الدينية
942 _2ddc
_cBK
999 _c47790
_d47790